| 000 | 00907cam a2200277 a 4500 | ||
|---|---|---|---|
| 001 | 13022310 | ||
| 003 | OSt | ||
| 005 | 20160220105658.0 | ||
| 008 | 021206s2003 nyu 000 1 eng | ||
| 010 | _a 2002044899 | ||
| 020 | _a0060505540 | ||
| 040 | _aSEKU | ||
| 050 | 0 | 0 |
_aPS 3606 .A74 _bL5 2003 |
| 100 | 1 |
_aFarris, David, _d1954- |
|
| 245 | 1 | 0 |
_aLie still : _ba novel of suspense / _cDavid Farris. |
| 250 | _a1st ed. | ||
| 260 |
_aNew York : _bMorrow, _cc2003. |
||
| 300 |
_a372 p. ; _c24 cm. |
||
| 650 | 0 |
_aEmergency physicians _vFiction. |
|
| 650 | 0 |
_aHospital patients _vFiction. |
|
| 655 | 7 |
_aSuspense fiction. _2gsafd |
|
| 655 | 7 |
_aMedical novels. _2gsafd |
|
| 856 | 4 | 2 |
_3Publisher description _uhttp://www.loc.gov/catdir/description/hc042/2002044899.html |
| 856 | 4 | 2 |
_3Contributor biographical information _uhttp://www.loc.gov/catdir/enhancements/fy1308/2002044899-b.html |
| 942 |
_2lcc _cGEN |
||
| 999 |
_c11205 _d11205 |
||